[Event "WC-2017-Q-00005"]
[Site "LSS email"]
[Date "2017.08.22"]
[Round "?"]
[White "Muhl, Patrick"]
[Black "Murzus, Marcus"]
[Result "0-1"]
[WhiteElo "2435"]
[BlackElo "2119"]
[PlyCount "26"]
[EventDate "2017.09.01"]
[EventType "tourn (corr)"]
[EventRounds "12"]
[EventCountry "GER"]
[SourceTitle "Corr 2022"]
[Source "ChessBase"]
[SourceDate "2021.10.24"]
[SourceVersion "1"]
[SourceVersionDate "2021.10.24"]
[SourceQuality "1"]

1. d4 d5 2. c4 c6 3. Nf3 Nf6 4. Nc3 e6 5. Bg5 dxc4 6. e4 b5 7. e5 h6 8. Bh4 g5 9. Nxg5 hxg5 10. Bxg5 Nbd7 11. g3 Bb7 12. Bg2 Qb6 13. exf6 0-0-0 0-1

[Event "WC-2017-S-00008"]
[Site "LSS email"]
[Date "2017.05.17"]
[Round "?"]
[White "Egorov, Vladimir Al"]
[Black "Murzus, Marcus"]
[Result "0-1"]
[WhiteElo "2054"]
[BlackElo "2113"]
[PlyCount "150"]
[EventDate "2017.06.01"]
[EventType "tourn (corr)"]
[EventRounds "12"]
[EventCountry "GER"]
[SourceTitle "Corr 2024"]
[Source "ChessBase"]
[SourceDate "2023.10.19"]
[SourceVersion "1"]
[SourceVersionDate "2023.10.19"]
[SourceQuality "1"]

1. Nf3 Nf6 2. c4 e6 3. Nc3 d5 4. d4 c6 5. e3 Nbd7 6. Qc2 Bd6 7. Be2 0-0 8. 0-0 dxc4 9. Bxc4 b5 10. Bd3 Bb7 11. Ng5 h6 12. Nge4 Be7 13. Rd1 Qb6 14. Nxf6+ Nxf6 15. a3 Rfc8 16. Qe2 a6 17. b4 a5 18. Rb1 Rd8 19. Ne4 Nxe4 20. Bxe4 axb4 21. axb4 Qc7 22. Bc2 Bd6 23. h3 Qe7 24. Qd3 g6 25. Qb3 Ra4 26. Bd2 Rda8 27. e4 Ra3 28. Qb2 Qh4 29. Be3 Bf8 30. e5 Be7 31. Rd3 Ra2 32. Qc3 Bf8 33. Bd1 R2a3 34. Qd2 Ra2 35. Qe1 Qe4 36. Be2 R8a3 37. Rxa3 Rxa3 38. Rb2 Ra4 39. Bf1 Qd5 40. Qb1 Kg7 41. Qe1 Be7 42. Kh2 g5 43. Qc3 f5 44. f3 h5 45. Be2 Ra1 46. Bd3 Kg6 47. Bd2 h4 48. Be2 Bf8 49. Qe3 Be7 50. Qf2 Ra3 51. f4 Qd8 52. Rb1 gxf4 53. Qxf4 Bg5 54. Qxg5+ Qxg5 55. Bxg5 Kxg5 56. Bf3 Rd3 57. Rc1 Rxd4 58. Bxc6 Rc4 59. Rxc4 bxc4 60. Ba4 Kf4 61. Bc2 Be4 62. Bxe4 fxe4 63. b5 Kxe5 64. g4 c3 65. b6 Kd6 66. g5 c2 67. g6 c1Q 68. g7 Qg5 69. b7 Kc7 70. b8Q+ Kxb8 71. g8Q+ Qxg8 72. Kh1 e3 73. Kh2 e2 74. Kh1 e1Q+ 75. Kh2 Qeg1# 0-1

[Event "WC-2017-S-00008"]
[Site "LSS email"]
[Date "2017.05.17"]
[Round "?"]
[White "Hoehne, Volkmar"]
[Black "Murzus, Marcus"]
[Result "1/2-1/2"]
[WhiteElo "2070"]
[BlackElo "2113"]
[PlyCount "138"]
[EventDate "2017.06.01"]
[EventType "tourn (corr)"]
[EventRounds "12"]
[EventCountry "GER"]
[SourceTitle "Corr 2024"]
[Source "ChessBase"]
[SourceDate "2023.10.19"]
[SourceVersion "1"]
[SourceVersionDate "2023.10.19"]
[SourceQuality "1"]

1. e4 c5 2. Nc3 Nc6 3. f4 g6 4. Nf3 Bg7 5. Bb5 Nd4 6. Bd3 d6 7. Nxd4 cxd4 8. Ne2 Nf6 9. 0-0 0-0 10. c3 dxc3 11. dxc3 b5 12. Kh1 Bb7 13. Ng3 h5 14. Qf3 Qd7 15. Ne2 d5 16. e5 d4 17. Qg3 h4 18. Qxh4 dxc3 19. exf6 Bxf6 20. Qg3 cxb2 21. Bxb2 Bxb2 22. Rab1 Rad8 23. Bxg6 Bg7 24. Bh5 Bd5 25. Nd4 Bxa2 26. Rbd1 Qd6 27. Nf5 Qf6 28. Nxg7 Qxg7 29. Qe3 Rxd1 30. Bxd1 Bc4 31. Rg1 e6 32. Qxa7 Rd8 33. Qe7 Rd4 34. f5 exf5 35. Bf3 Kh7 36. Qc5 Qf6 37. h3 Rd3 38. Re1 Rc3 39. Bb7 Kg7 40. Ba8 Kh7 41. Bb7 Qg5 42. Qe5 Rc1 43. Rxc1 Qxc1+ 44. Kh2 Bd3 45. Qd6 Qe3 46. Ba6 Bc4 47. Bc8 Be6 48. Bxe6 Qxe6 49. Qc5 Qd7 50. h4 Kg7 51. Qc3+ Kh7 52. Qc5 Qd3 53. Kg1 Qb1+ 54. Kh2 Qd3 55. Kg1 Kg8 56. Qe5 Qd1+ 57. Kf2 Qd2+ 58. Kg1 Qd3 59. Qe8+ Kg7 60. Qe5+ Kg6 61. Qh8 Qd1+ 62. Kh2 Qd5 63. Qg8+ Kf6 64. Qg5+ Ke6 65. h5 Qe5+ 66. Kg1 b4 67. Qd8 Qd6 68. Qxd6+ Kxd6 69. h6 b3 1/2-1/2

[Event "WC-2017-S-00008"]
[Site "LSS email"]
[Date "2017.05.17"]
[Round "?"]
[White "Murzus, Marcus"]
[Black "Hatsek, Werner"]
[Result "1/2-1/2"]
[WhiteElo "2113"]
[BlackElo "2026"]
[PlyCount "189"]
[EventDate "2017.06.01"]
[EventType "tourn (corr)"]
[EventRounds "12"]
[EventCountry "GER"]
[SourceTitle "Corr 2024"]
[Source "ChessBase"]
[SourceDate "2023.10.19"]
[SourceVersion "1"]
[SourceVersionDate "2023.10.19"]
[SourceQuality "1"]

1. e4 e5 2. Nf3 Nc6 3. Bb5 a6 4. Ba4 Nf6 5. 0-0 Be7 6. Re1 b5 7. Bb3 d6 8. c3 0-0 9. h3 Nb8 10. d4 Nbd7 11. Nbd2 c5 12. Nf1 Bb7 13. Ng3 Re8 14. d5 c4 15. Bc2 g6 16. a4 Nc5 17. Bh6 Bf8 18. Qd2 Bxh6 19. Qxh6 Qe7 20. Nh2 Reb8 21. f4 Bc8 22. Nf3 bxa4 23. Rab1 Nfd7 24. f5 Qf8 25. Qh4 h6 26. fxg6 fxg6 27. Rf1 Qf4 28. Qd8+ Qf8 29. Qh4 Qf4 30. Qd8+ Qf8 31. Qxf8+ Nxf8 32. Nd2 Nfd7 33. Rf3 a3 34. Nxc4 axb2 35. Nxd6 a5 36. Nxc8 a4 37. Ne7+ Kg7 38. Rbf1 Rf8 39. Rxf8 Nxf8 40. Bb1 a3 41. Ba2 Nb3 42. Ne2 Nd2 43. Rd1 Nxe4 44. d6 h5 45. c4 Rd8 46. Nc6 Rxd6 47. Rxd6 Nxd6 48. Nc3 Ne6 49. Nb1 Nf4 50. Nxa3 Ne2+ 51. Kf2 Nc3 52. Bb3 b1Q 53. Nxb1 Nxb1 54. Nxe5 Nd2 55. Ba2 Kf6 56. Nd7+ Ke6 57. Nb6 N2e4+ 58. Ke3 Ke5 59. Nd7+ Ke6 60. Nb8 Nc5 61. Kd4 Ndb7 62. Nc6 Kd6 63. Nb4 g5 64. Nd5 Ne6+ 65. Ke4 Ng7 66. Bb1 Nc5+ 67. Ke3 Nce6 68. Bg6 Ke5 69. Nb4 Nf4 70. Nc6+ Kf6 71. Be4 Nge6 72. Nd4 Nc5 73. Bf3 h4 74. Nc2 Nb3 75. Ne1 Ke5 76. Bb7 Na5 77. Ba6 Nb3 78. Bc8 Na5 79. Ba6 Nb3 80. Bb5 Na5 81. Kf3 Nb7 82. Ke3 Nd6 83. Ba6 Nf5+ 84. Kf2 Nd6 85. Ke3 Nf5+ 86. Kf2 Nd6 87. Kf3 Ne6 88. Nd3+ Kd4 89. Ne1 Nc7 90. Bb5 Ncxb5 91. cxb5 Nxb5 92. Kg4 Ke3 93. Kxg5 Kf2 94. Nf3 Kxg2 95. Nxh4+ 1/2-1/2

[Event "WC-2017-S-00008"]
[Site "LSS email"]
[Date "2017.05.17"]
[Round "?"]
[White "Sukhanov, Sergey"]
[Black "Murzus, Marcus"]
[Result "1/2-1/2"]
[WhiteElo "2102"]
[BlackElo "2113"]
[PlyCount "227"]
[EventDate "2017.06.01"]
[EventType "tourn (corr)"]
[EventRounds "12"]
[EventCountry "GER"]
[SourceTitle "Corr 2024"]
[Source "ChessBase"]
[SourceDate "2023.10.19"]
[SourceVersion "1"]
[SourceVersionDate "2023.10.19"]
[SourceQuality "1"]

1. Nf3 Nf6 2. c4 e6 3. d4 d5 4. Nc3 c6 5. Bg5 h6 6. Bh4 dxc4 7. e4 g5 8. Bg3 b5 9. Ne5 h5 10. h4 g4 11. Be2 Bb7 12. 0-0 Nbd7 13. Qc2 Nxe5 14. Bxe5 Bh6 15. Rad1 0-0 16. Bg3 Qe7 17. f3 Rad8 18. fxg4 Nxg4 19. Bxg4 hxg4 20. Qe2 f6 21. Qxg4+ Bg7 22. Bf4 e5 23. dxe5 Bc8 24. Qg3 Rxd1 25. Rxd1 fxe5 26. Bg5 Qe6 27. Ne2 Qg4 28. Qe3 Rf7 29. Rd8+ Kh7 30. Ng3 a5 31. Nh1 Bd7 32. Nf2 Qe6 33. Qd2 Bf8 34. Kh2 Bc5 35. Qd1 Kg6 36. Rh8 Rh7 37. h5+ Kg7 38. Rd8 Be8 39. h6+ Rxh6+ 40. Bxh6+ Qxh6+ 41. Nh3 Qg6 42. Qe1 a4 43. Rc8 a3 44. bxa3 Bxa3 45. Qc3 Bd6 46. a4 bxa4 47. Qxc4 a3 48. Ra8 Qf7 49. Qc1 Qg6 50. Ra7+ Kh8 51. Ng5 Bf8 52. Rh7+ Qxh7+ 53. Nxh7 Kxh7 54. Qc4 Kg7 55. Qe6 Bf7 56. Qxe5+ Kg8 57. Qg3+ Kh7 58. Qh3+ Kg8 59. Qg4+ Kh7 60. Qd7 Kg8 61. Qxc6 a2 62. Qa8 Kg7 63. Qa5 Bd6+ 64. Kh3 Be6+ 65. g4 Bb4 66. Qe5+ Kh7 67. Kg3 Bd2 68. Kf2 Bh6 69. Qb2 Kg6 70. e5 Bd5 71. Ke2 Be6 72. Qd4 Bc4+ 73. Kd1 Bb3+ 74. Ke1 Be6 75. Kf2 Bd2 76. Qd3+ Kf7 77. Qh7+ Kf8 78. Qh1 Kg7 79. Qa1 Kh6 80. Kf3 Kg5 81. Qd4 Kg6 82. Ke4 Bb4 83. Kf4 Bd2+ 84. Ke4 Bb4 85. Kf4 Bd2+ 86. Kf3 Bb4 87. Qd3+ Kg7 88. Qd4 Kg6 89. Qd1 Bd5+ 90. Kg3 Bd2 91. Kf2 Bb3 92. Qa1 Bg5 93. Qd4 Be6 94. Qd3+ Kg7 95. Qc3 Bb3 96. Ke1 Be6 97. Kd1 Bb3+ 98. Ke2 Bc4+ 99. Kd1 Bb3+ 100. Ke2 Bc4+ 101. Kf2 Bb3 102. Kf3 Bd5+ 103. Kg3 Be6 104. Kg2 Bd5+ 105. Kh2 Be6 106. Qa5 Bf4+ 107. Kh3 Bg5 108. Qc3 Kf7 109. Qe1 Kg7 110. Qa1 Kf7 111. Qb2 Kg7 112. Qa1 Kf7 113. Qb2 Kg7 114. Qa1 1/2-1/2

[Event "WC-2017-S-00008"]
[Site "LSS email"]
[Date "2017.05.17"]
[Round "?"]
[White "Zimmermann, Matthias"]
[Black "Murzus, Marcus"]
[Result "1/2-1/2"]
[WhiteElo "2076"]
[BlackElo "2113"]
[PlyCount "93"]
[EventDate "2017.06.01"]
[EventType "tourn (corr)"]
[EventRounds "12"]
[EventCountry "GER"]
[SourceTitle "Corr 2024"]
[Source "ChessBase"]
[SourceDate "2023.10.19"]
[SourceVersion "1"]
[SourceVersionDate "2023.10.19"]
[SourceQuality "1"]

1. Nf3 Nf6 2. g3 d5 3. Bg2 c6 4. d3 Bg4 5. Nbd2 Nbd7 6. 0-0 e5 7. e4 dxe4 8. dxe4 Be7 9. h3 Bh5 10. Qe1 0-0 11. Nc4 Qc7 12. Nh4 Rfe8 13. a4 Bf8 14. Be3 b5 15. Qa5 Rac8 16. Qxc7 Rxc7 17. Na5 Nc5 18. axb5 cxb5 19. g4 Bg6 20. f3 Ne6 21. Rfc1 Rec8 22. Bf1 Bc5 23. Bxc5 Rxc5 24. c3 b4 25. Ba6 R8c7 26. Rf1 h5 27. cxb4 Rc2 28. Nxg6 fxg6 29. Bd3 Rxb2 30. Nc4 Rxb4 31. Nxe5 Nf4 32. Rfc1 Nxh3+ 33. Kh2 Rxc1 34. Rxc1 Ng5 35. Kg3 hxg4 36. Bc4+ Kf8 37. Nxg6+ Ke8 38. e5 gxf3 39. exf6 gxf6 40. Bd5 a5 41. Rc7 Kd8 42. Ra7 f5 43. Bxf3 Nxf3 44. Kxf3 a4 45. Ne7 Rc4 46. Nxf5 a3 47. Rxa3 1/2-1/2

[Event "WC-2017-P-00001"]
[Site "LSS email"]
[Date "2017.01.23"]
[Round "?"]
[White "Buczinski, Henryk"]
[Black "Murzus, Marcus"]
[Result "0-1"]
[WhiteElo "1921"]
[BlackElo "2117"]
[PlyCount "62"]
[EventDate "2017.02.01"]
[EventType "tourn (corr)"]
[EventRounds "12"]
[EventCountry "GER"]
[SourceTitle "Corr 2022"]
[Source "ChessBase"]
[SourceDate "2021.10.24"]
[SourceVersion "1"]
[SourceVersionDate "2021.10.24"]
[SourceQuality "1"]

1. e4 c5 2. Nf3 Nc6 3. d4 cxd4 4. Nxd4 Nf6 5. Nc3 e5 6. Ndb5 d6 7. Bg5 a6 8. Na3 b5 9. Bxf6 gxf6 10. Nd5 Bg7 11. Bd3 Ne7 12. Nxe7 Qxe7 13. 0-0 0-0 14. c4 f5 15. Qh5 Rb8 16. exf5 e4 17. Rae1 Bb7 18. cxb5 d5 19. Kh1 Bxb2 20. Nb1 Qf6 21. bxa6 Ba8 22. Re3 exd3 23. Nd2 Qxa6 24. Rf3 Rb6 25. Rg3+ Kh8 26. Rh3 h6 27. Rg1 Bg7 28. Qg5 Rb2 29. a4 d4 30. Qf4 Re8 31. Nc4 Rb1 0-1

[Event "WC-2017-P-00001"]
[Site "LSS email"]
[Date "2017.01.23"]
[Round "?"]
[White "Nowak, Adam"]
[Black "Murzus, Marcus"]
[Result "1/2-1/2"]
[WhiteElo "2197"]
[BlackElo "2117"]
[PlyCount "68"]
[EventDate "2017.02.01"]
[EventType "tourn (corr)"]
[EventRounds "12"]
[EventCountry "GER"]
[SourceTitle "Corr 2022"]
[Source "ChessBase"]
[SourceDate "2021.10.24"]
[SourceVersion "1"]
[SourceVersionDate "2021.10.24"]
[SourceQuality "1"]

1. d4 d5 2. c4 c6 3. Nf3 Nf6 4. Nc3 e6 5. e3 Nbd7 6. Bd3 dxc4 7. Bxc4 b5 8. Bd3 a6 9. e4 c5 10. e5 cxd4 11. Nxb5 axb5 12. exf6 gxf6 13. 0-0 Qb6 14. Qe2 Bb7 15. Bxb5 Rg8 16. Bf4 Bd6 17. Bg3 f5 18. a4 f4 19. Bh4 Be7 20. Rfd1 Rd8 21. Ra3 Bxa3 22. bxa3 Qc5 23. Bxd8 Kxd8 24. Qd3 Qd5 25. Qxd4 Rxg2+ 26. Kf1 Qxd4 27. Rxd4 Bxf3 28. Rxd7+ Kc8 29. Rxf7 Rxh2 30. Ke1 e5 31. a5 Rh1+ 32. Kd2 Rh2 33. Ke1 Rh1+ 34. Kd2 Rh2 1/2-1/2

[Event "CP-2015-Q-00003"]
[Site "LSS email"]
[Date "2015.12.02"]
[Round "?"]
[White "Murzus, Marcus"]
[Black "Quinones Borda, Jorge Victor"]
[Result "1/2-1/2"]
[WhiteElo "2112"]
[BlackElo "2211"]
[PlyCount "48"]
[EventDate "2015.12.08"]
[EventType "tourn (corr)"]
[EventRounds "6"]
[EventCountry "GER"]
[SourceTitle "Corr 2022"]
[Source "ChessBase"]
[SourceDate "2021.10.24"]
[SourceVersion "1"]
[SourceVersionDate "2021.10.24"]
[SourceQuality "1"]

1. e4 c5 2. Nf3 e6 3. d4 cxd4 4. Nxd4 Nc6 5. Nc3 Qc7 6. Be3 a6 7. Qd2 Nf6 8. 0-0-0 Be7 9. f3 0-0 10. g4 b5 11. g5 Nh5 12. Nce2 Rd8 13. Ng3 Nxd4 14. Qxd4 Nf4 15. h4 Bb7 16. Qb6 Qb8 17. Kb1 d5 18. Bxf4 Qxf4 19. Qxb7 Bc5 20. Nh5 Qd6 21. e5 Qxe5 22. Bd3 Kf8 23. Qc6 Rdc8 24. Qb7 Rcb8 1/2-1/2

[Event "CP-2015-Q-00003"]
[Site "LSS email"]
[Date "2015.12.02"]
[Round "?"]
[White "Murzus, Marcus"]
[Black "Vasilyev, Eugene"]
[Result "1/2-1/2"]
[WhiteElo "2112"]
[BlackElo "2157"]
[PlyCount "54"]
[EventDate "2015.12.08"]
[EventType "tourn (corr)"]
[EventRounds "6"]
[EventCountry "GER"]
[SourceTitle "Corr 2022"]
[Source "ChessBase"]
[SourceDate "2021.10.24"]
[SourceVersion "1"]
[SourceVersionDate "2021.10.24"]
[SourceQuality "1"]

1. e4 c5 2. Nf3 d6 3. d4 cxd4 4. Nxd4 Nf6 5. Nc3 a6 6. Be3 e5 7. Nb3 Be6 8. f3 h5 9. Nd5 Bxd5 10. exd5 Nbd7 11. Qd2 g6 12. 0-0-0 Nb6 13. Qa5 Bh6 14. Bxh6 Rxh6 15. Kb1 Kf8 16. g3 Kg7 17. f4 h4 18. Be2 hxg3 19. hxg3 Rxh1 20. Rxh1 exf4 21. gxf4 Nbxd5 22. Qd2 Qe7 23. Bf3 Qe3 24. Qxe3 Nxe3 25. Bxb7 Ra7 26. Bf3 Nfd5 27. Re1 Re7 1/2-1/2

[Event "WC-2015-Q-00015"]
[Site "LSS email"]
[Date "2015.09.08"]
[Round "?"]
[White "Dos Santos, M A"]
[Black "Murzus, Marcus"]
[Result "1-0"]
[WhiteElo "2367"]
[BlackElo "2074"]
[PlyCount "113"]
[EventDate "2015.09.15"]
[EventType "tourn (corr)"]
[EventRounds "12"]
[EventCountry "GER"]
[SourceTitle "Corr 2022"]
[Source "ChessBase"]
[SourceDate "2021.10.24"]
[SourceVersion "1"]
[SourceVersionDate "2021.10.24"]
[SourceQuality "1"]

1. d4 d5 2. c4 c6 3. cxd5 cxd5 4. Nc3 Nf6 5. Bf4 Nc6 6. e3 a6 7. Bd3 Bg4 8. Nge2 e6 9. 0-0 Be7 10. Na4 0-0 11. Rc1 Nd7 12. f3 Bh5 13. Qb3 Ra7 14. Bg3 Bg6 15. Nf4 Na5 16. Qc2 b5 17. Nxg6 hxg6 18. Nc3 Nb6 19. Nd1 Bd6 20. Qc3 Rc7 21. Qxc7 Bxc7 22. Bxc7 Qc8 23. Bxb6 Qxc1 24. Bxa5 Rc8 25. Kf2 g5 26. a3 g6 27. Ke2 Kg7 28. Bd2 Qc7 29. g3 Rh8 30. Rh1 f5 31. Nf2 Rc8 32. Nh3 Qe7 33. Bb4 Qd8 34. f4 g4 35. Ng5 Qd7 36. Kf2 Rh8 37. Kg2 Qc6 38. h3 gxh3+ 39. Nxh3 Kf6 40. Rd1 Kg7 41. Ng5 Kf6 42. Bd2 Qa8 43. Rc1 Rc8 44. Rh1 Rh8 45. Rg1 Qb8 46. Nf3 Qb7 47. Rc1 Rc8 48. Rh1 Kg7 49. Ne5 Qb8 50. g4 Rh8 51. Rc1 Rc8 52. Rg1 Kh7 53. Kf2 Qc7 54. g5 Kg7 55. Rh1 Qe7 56. Bb4 Qe8 57. Rh6 1-0

[Event "WC-2015-Q-00015"]
[Site "LSS email"]
[Date "2015.09.08"]
[Round "?"]
[White "Murzus, Marcus"]
[Black "Perez, Brigiliano"]
[Result "1/2-1/2"]
[WhiteElo "2074"]
[BlackElo "2511"]
[PlyCount "121"]
[EventDate "2015.09.15"]
[EventType "tourn (corr)"]
[EventRounds "12"]
[EventCountry "GER"]
[SourceTitle "Corr 2022"]
[Source "ChessBase"]
[SourceDate "2021.10.24"]
[SourceVersion "1"]
[SourceVersionDate "2021.10.24"]
[SourceQuality "1"]

1. e4 c5 2. Nf3 d6 3. d4 cxd4 4. Nxd4 Nf6 5. Nc3 a6 6. Be3 e5 7. Nb3 Be6 8. f3 h5 9. Qd2 Nbd7 10. Nd5 Bxd5 11. exd5 g6 12. 0-0-0 Nb6 13. Qa5 Bh6 14. Bxh6 Rxh6 15. g3 Nbd7 16. Qd2 Rh8 17. f4 Kf8 18. Kb1 Kg7 19. Bh3 a5 20. a4 b5 21. axb5 a4 22. Nc1 Qa5 23. Qxa5 Rxa5 24. Bf1 Ng4 25. Re1 h4 26. Be2 Ne3 27. Na2 Nxd5 28. fxe5 Nxe5 29. gxh4 Nf4 30. Bf1 Nd5 31. Re4 Nf3 32. Kc1 Nxh4 33. Nb4 a3 34. bxa3 Nb6 35. Kb2 Na4+ 36. Ka1 Nc5 37. Nc6 Rxa3+ 38. Kb2 Raa8 39. Rf4 Na4+ 40. Kb3 Nc5+ 41. Kb2 Nf5 42. h4 Ne3 43. Bc4 d5 44. Bb3 f5 45. Rg1 Rae8 46. Kc3 Nxb3 47. cxb3 Re4 48. Rxe4 dxe4 49. Kd4 Nc2+ 50. Kc4 Na3+ 51. Kb4 Nc2+ 52. Kc4 Na3+ 53. Kc5 f4 54. Ne5 Re8 55. Kd5 Nxb5 56. Rxg6+ Kh7 57. Kxe4 Nc3+ 58. Kxf4 Nd5+ 59. Ke4 Nc3+ 60. Kf5 Rxe5+ 61. Kxe5 1/2-1/2

[Event "BI-2015-P-0000"]
[Site "LSS email"]
[Date "2015.04.16"]
[Round "?"]
[White "Murzus, Marcus"]
[Black "Lukin, Andrey"]
[Result "1-0"]
[WhiteElo "2049"]
[BlackElo "1405"]
[PlyCount "45"]
[EventDate "2015.04.22"]
[EventType "tourn (corr)"]
[EventRounds "10"]
[EventCountry "GER"]
[SourceTitle "Corr 2022"]
[Source "ChessBase"]
[SourceDate "2021.10.24"]
[SourceVersion "1"]
[SourceVersionDate "2021.10.24"]
[SourceQuality "1"]

1. e4 c5 2. Nf3 d6 3. d4 cxd4 4. Nxd4 Nf6 5. Nc3 a6 6. Be3 e5 7. Nb3 Nc6 8. f3 Be7 9. Qd2 0-0 10. 0-0-0 b5 11. g4 Be6 12. h4 Qc7 13. Kb1 Rfd8 14. Nd5 Bxd5 15. exd5 Na7 16. h5 Rdc8 17. g5 Nd7 18. g6 f5 19. Bh3 f4 20. Be6+ Kh8 21. h6 fxe3 22. hxg7+ Kxg7 23. Rxh7+ 1-0

[Event "BI-2015-P-0000"]
[Site "LSS email"]
[Date "2015.04.16"]
[Round "?"]
[White "Roberts, Anthony"]
[Black "Murzus, Marcus"]
[Result "1-0"]
[WhiteElo "2306"]
[BlackElo "2049"]
[PlyCount "99"]
[EventDate "2015.04.22"]
[EventType "tourn (corr)"]
[EventRounds "10"]
[EventCountry "GER"]
[SourceTitle "Corr 2022"]
[Source "ChessBase"]
[SourceDate "2021.10.24"]
[SourceVersion "1"]
[SourceVersionDate "2021.10.24"]
[SourceQuality "1"]

1. e4 e5 2. Nf3 Nc6 3. Bb5 Nf6 4. 0-0 Nxe4 5. d4 Nd6 6. Bxc6 dxc6 7. dxe5 Nf5 8. Qxd8+ Kxd8 9. Nc3 Ke8 10. Rd1 Ne7 11. h3 Ng6 12. Re1 h6 13. Ne4 c5 14. h4 Bg4 15. Nh2 Bd7 16. h5 Nh4 17. c3 b6 18. Bf4 Nf5 19. g4 Ne7 20. Bg3 Rd8 21. f4 Bc6 22. Nf3 Bb7 23. f5 Rd3 24. Kf2 Rg8 25. c4 Nc6 26. Rad1 Rxd1 27. Rxd1 Nxe5 28. Bxe5 Bxe4 29. Bxc7 Be7 30. Ne5 Bf6 31. Bb8 Ba8 32. Kg3 Bxe5+ 33. Bxe5 Ke7 34. Bd6+ Kf6 35. Re1 g6 36. Kf4 g5+ 37. Kg3 Kg7 38. Re7 Rd8 39. Be5+ Kg8 40. Rxa7 Rd3+ 41. Kf2 Be4 42. Bf6 Rd6 43. Be7 Rd4 44. Ra6 Rd7 45. Bf6 Rd6 46. Be5 Bb7 47. Bxd6 Bxa6 48. b3 b5 49. cxb5 Bxb5 50. Bxc5 1-0

[Event "BI-2015-F-0000"]
[Site "LSS email"]
[Date "2015.02.12"]
[Round "?"]
[White "Murzus, Marcus"]
[Black "Grego, Luis Jose Gonzaga"]
[Result "1/2-1/2"]
[WhiteElo "2051"]
[BlackElo "2165"]
[PlyCount "56"]
[EventDate "2015.02.11"]
[EventType "tourn (corr)"]
[EventRounds "10"]
[EventCountry "GER"]
[SourceTitle "Corr 2022"]
[Source "ChessBase"]
[SourceDate "2021.10.24"]
[SourceVersion "1"]
[SourceVersionDate "2021.10.24"]
[SourceQuality "1"]

1. e4 e5 2. Nf3 Nc6 3. Bb5 a6 4. Ba4 Nf6 5. 0-0 Be7 6. Re1 b5 7. Bb3 d6 8. c3 Bg4 9. d3 0-0 10. Nbd2 Na5 11. Bc2 c5 12. h3 Bd7 13. Nf1 Re8 14. Ng3 Bf8 15. Bg5 h6 16. Bd2 Qc7 17. Nh2 d5 18. Qf3 dxe4 19. dxe4 Re6 20. Rad1 Nc4 21. Bc1 Nd6 22. Nhf1 Bc6 23. Ne3 Qb7 24. Nef5 Nxf5 25. Nxf5 c4 26. Qg3 Kh7 27. f3 a5 28. Kh2 Nd7 1/2-1/2

[Event "BI-2015-F-0000"]
[Site "LSS email"]
[Date "2015.02.12"]
[Round "?"]
[White "Murzus, Marcus"]
[Black "Kulakiewicz, Mariusz"]
[Result "1/2-1/2"]
[WhiteElo "2051"]
[BlackElo "1962"]
[PlyCount "70"]
[EventDate "2015.02.11"]
[EventType "tourn (corr)"]
[EventRounds "10"]
[EventCountry "GER"]
[SourceTitle "Corr 2022"]
[Source "ChessBase"]
[SourceDate "2021.10.24"]
[SourceVersion "1"]
[SourceVersionDate "2021.10.24"]
[SourceQuality "1"]

1. e4 e5 2. Nf3 Nf6 3. Nxe5 d6 4. Nf3 Nxe4 5. d4 d5 6. Bd3 Be7 7. 0-0 0-0 8. c4 Nf6 9. Nc3 Nc6 10. h3 Nb4 11. Be2 dxc4 12. Bxc4 c6 13. Re1 Nbd5 14. Bg5 h6 15. Bh4 Be6 16. Qb3 Qb6 17. Qxb6 axb6 18. Bxd5 cxd5 19. Bxf6 Bxf6 20. Ne5 Rfc8 21. a3 Bg5 22. Re2 Be7 23. Ng6 Bb4 24. Nf4 Bxc3 25. bxc3 Rc6 26. Rae1 Rxa3 27. Nxe6 fxe6 28. Rxe6 Raxc3 29. Re8+ Kh7 30. Rd8 Rc7 31. Rxd5 Rc2 32. Rb5 Rd2 33. Rxb6 Rxd4 34. Reb1 Rdd7 35. R1b2 Rd1+ 1/2-1/2

[Event "BI-2015-F-0000"]
[Site "LSS email"]
[Date "2015.02.12"]
[Round "?"]
[White "Murzus, Marcus"]
[Black "Silva Filho, Alcindo Luz Bastos"]
[Result "1-0"]
[WhiteElo "2051"]
[BlackElo "2107"]
[PlyCount "123"]
[EventDate "2015.02.11"]
[EventType "tourn (corr)"]
[EventRounds "10"]
[EventCountry "GER"]
[SourceTitle "Corr 2022"]
[Source "ChessBase"]
[SourceDate "2021.10.24"]
[SourceVersion "1"]
[SourceVersionDate "2021.10.24"]
[SourceQuality "1"]

1. e4 c5 2. Nf3 Nc6 3. d4 cxd4 4. Nxd4 e6 5. Nc3 Qc7 6. f4 a6 7. Be2 d6 8. Be3 Nf6 9. 0-0 Be7 10. Kh1 0-0 11. a4 Re8 12. Bf3 Rb8 13. g4 Nd7 14. g5 Nb6 15. Be2 Nb4 16. f5 exf5 17. Nxf5 Bxf5 18. Rxf5 Nc4 19. Bd4 Rbc8 20. Qg1 Ne5 21. Raf1 Rf8 22. Qg3 Qd8 23. Rd1 Qc7 24. Rdf1 g6 25. R5f2 Qd8 26. Rd1 Nbc6 27. Bc5 Re8 28. h4 Nb8 29. Bd4 Nbc6 30. Be3 Nb4 31. Bf4 Qb6 32. Rdf1 Qc5 33. Qh3 Rc7 34. Bxe5 Qxe5 35. Rxf7 Bd8 36. R7f4 Be7 37. Rf7 Bd8 38. R7f4 Be7 39. Bg4 Kh8 40. Rf7 Rg8 41. Be6 b6 42. h5 Qxg5 43. Rxh7+ Kxh7 44. hxg6+ Kxg6 45. Rg1 Qxg1+ 46. Kxg1 Rg7 47. Kf1 Bg5 48. e5 Rc5 49. Bf5+ Kf7 50. Be6+ Kg6 51. Qf5+ Kh6 52. Bf7 Rxf7 53. Qxf7 Rxe5 54. Qf8+ Kh7 55. Qxd6 Rf5+ 56. Ke2 a5 57. Qe6 Rf6 58. Qd7+ Kg6 59. Ne4 Rf5 60. Qe8+ Kg7 61. Qe6 Nxc2 62. Qc8 1-0

[Event "BI-2015-F-0000"]
[Site "LSS email"]
[Date "2015.02.12"]
[Round "?"]
[White "Murzus, Marcus"]
[Black "Susla, Vitaliy"]
[Result "0-1"]
[WhiteElo "2051"]
[BlackElo "2271"]
[PlyCount "118"]
[EventDate "2015.02.11"]
[EventType "tourn (corr)"]
[EventRounds "10"]
[EventCountry "GER"]
[SourceTitle "Corr 2022"]
[Source "ChessBase"]
[SourceDate "2021.10.24"]
[SourceVersion "1"]
[SourceVersionDate "2021.10.24"]
[SourceQuality "1"]

1. e4 c5 2. Nf3 d6 3. d4 cxd4 4. Nxd4 Nf6 5. Nc3 a6 6. Be3 e5 7. Nb3 Be6 8. f3 h5 9. Qd2 Nbd7 10. Nd5 Bxd5 11. exd5 g6 12. Be2 Qc7 13. c4 Bg7 14. 0-0 b6 15. Rac1 0-0 16. Na1 Rfe8 17. Nc2 Nc5 18. Rfe1 Kh7 19. Bf1 Ng8 20. h3 Bh6 21. g4 hxg4 22. hxg4 Bxe3+ 23. Nxe3 a5 24. Kg2 Qe7 25. Bd3 Qg5 26. Rh1+ Kg7 27. Nf5+ Kf6 28. Ne3 Nxd3 29. Qxd3 Kg7 30. Qd2 Qf4 31. Rh4 a4 32. Rch1 Nf6 33. Kg1 Kf8 34. Qf2 Ke7 35. R1h3 Rac8 36. Rh2 Nd7 37. R2h3 Nc5 38. Qe2 Kd7 39. Kg2 e4 40. fxe4 Qxe4+ 41. Qf3 Re7 42. Rh7 Rce8 43. Qxe4 Nxe4 44. Rh8 Nd2 45. Rxe8 Rxe8 46. b3 axb3 47. axb3 Re4 48. Kf2 Rf4+ 49. Ke2 Nxb3 50. Rh8 Nd4+ 51. Kd2 Nf3+ 52. Kc3 Ne5 53. Rb8 Re4 54. Kd2 Nxc4+ 55. Kd3 Rxe3+ 56. Kxc4 b5+ 57. Kb4 Ke7 58. Rb7+ Kf6 59. Rd7 Rd3 0-1